Flat roof maintenance : a case study of selected government buildings in Putrajaya /
Saved in:
| Main Author: | |
|---|---|
| Format: | Thesis |
| Language: | English |
| Published: |
Gombak, Selangor :
Kulliyyah of Architecture and Environmental Design, International Islamic University Malaysia,
2009
|
| Subjects: | |
| Online Access: | Click here to view 1st 24 pages of the thesis. Members can view fulltext at the specified PCs in the library. |
| Tags: |
Add Tag
No Tags, Be the first to tag this record!
|
| LEADER | 020130000a22003370004500 | ||
|---|---|---|---|
| 001 | 471483 | ||
| 005 | 20100510100200.0 | ||
| 008 | 100225t2009 my ae g 000 0 eng d | ||
| 035 | |a (Sirsi) 471483 | ||
| 040 | |a UIAM |b eng | ||
| 043 | |a a-my-- | ||
| 050 | 0 | 0 | |a TH2409 |
| 100 | 1 | |a Salawati binti Zainuddin | |
| 245 | 1 | 0 | |a Flat roof maintenance : |b a case study of selected government buildings in Putrajaya / |c by Salawati binti Zainuddin |
| 260 | |a Gombak, Selangor : |b Kulliyyah of Architecture and Environmental Design, International Islamic University Malaysia, |c 2009 | ||
| 300 | |a xiv, 118 leaves : |b ill., plans. ; |c 30 cm. | ||
| 500 | |a "A dissertation submitted in partial fulfilment of the requirements for the degree of Master of Science (Building Services Engineering)"--On t.p. | ||
| 502 | |a Thesis (MSBSE) -- International Islamic University Malaysia, 2009. | ||
| 504 | |a Includes bibliographical references (leaves 117-118). | ||
| 596 | |a 1 | ||
| 650 | 0 | |a Flat roofs |z Malaysia Putrajaya | |
| 650 | 0 | |a Flat roofs |x Maintenance and repair |z Malaysia Putrajaya | |
| 655 | 0 | 7 | |a Theses, IIUM local |
| 690 | 0 | |a Dissertations, Academic |x Department of Building Technology and Engineering |z IIUM | |
| 710 | 2 | |a International Islamic University Malaysia. |b Department of Building Technology and Engineering | |
| 856 | 4 | |u http://studentrepo.iium.edu.my/handle/123456789/2651 |z Click here to view 1st 24 pages of the thesis. Members can view fulltext at the specified PCs in the library. | |
| 900 | |a hj-fs-naw | ||
| 999 | |c 435571 |d 463971 | ||
| 952 | |0 0 |6 T TH 002409 S161F 2009 |7 0 |8 THESES |9 753678 |a IIUM |b IIUM |c MULTIMEDIA |g 0.00 |o t TH 2409 S161F 2009 |p 11100325102 |r 2017-10-20 |t 2 |v 0.00 |y THESIS | ||
| 952 | |0 0 |6 LU T TH 2409 S161F 2009 |7 0 |8 THESES |9 757669 |a IIUM |b IIUM |c CLOSEACCES |g 0.00 |o lu t TH 2409 S161F 2009 |p 00011122662 |r 2017-10-25 |t 1 |v 0.00 |y THESIS | ||
| 952 | |0 0 |6 TS CDF TH 2409 S161F 2009 |7 0 |8 THESES |9 836851 |a IIUM |b IIUM |c MULTIMEDIA |g 0.00 |o ts cdf TH 2409 S161F 2009 |p 11100326769 |r 2017-10-26 |t 1 |v 0.00 |y THESISDIG | ||
